LIBRARY & INFORMATION CENTRE, KCAET, TAVANUR

ONLINE PUBLIC ACCESS CATALOGUE (OPAC)

Soil, Plant and Water Analysis in Horticulture (Record no. 15583)

MARC details
000 -LEADER
fixed length control field 00394nam a22001457a 4500
003 - CONTROL NUMBER IDENTIFIER
control field OSt
008 - FIXED-LENGTH DATA ELEMENTS--GENERAL INFORMATION
fixed length control field 190517b ||||| |||| 00| 0 eng d
020 ## - INTERNATIONAL STANDARD BOOK NUMBER
ISBN 9789386546081
082 ## - DEWEY DECIMAL CLASSIFICATION NUMBER
Classification number 631.4
Item number SAR/SO
100 ## - MAIN ENTRY--AUTHOR NAME
Personal name Sarangi, Chittaranjan
245 ## - TITLE STATEMENT
Title Soil, Plant and Water Analysis in Horticulture
260 ## - PUBLICATION, DISTRIBUTION, ETC. (IMPRINT)
Place of publication New Delhi
Name of publisher New india publishing Agency
Year of publication 2018
300 ## - PHYSICAL DESCRIPTION
Number of Pages 99 p.
942 ## - ADDED ENTRY ELEMENTS (KOHA)
Koha item type Books
Holdings
Withdrawn status Lost status Damaged status Collection code Home library Current library Shelving location Date acquired Cost, normal purchase price Full call number Accession Number Koha item type Source of acquisition
      Non-fiction KAUAET KAUAET General Stacks 17/05/2019 1295.00 631.4 SAR/SO 25772 Books  
      General Books KAUAET KAUAET Scheme 27/07/2020 1295.00 631.4 SAR/SO BB 574 Book Bank scheme for SC students Aman Book stall
free website counter